Arabic course for English-Speaking Students (Record no. 35462)

MARC details
000 -LEADER
fixed length control field 00686nam a22001697a 4500
008 - FIXED-LENGTH DATA ELEMENTS--GENERAL INFORMATION
fixed length control field 090908t xxu||||| |||| 00| 0 eng d
020 ## - INTERNATIONAL STANDARD BOOK NUMBER
International Standard Book Number 1872531512
050 ## - LIBRARY OF CONGRESS CALL NUMBER
Classification number PJ6307
Item number .A23 2002
100 ## - MAIN ENTRY--PERSONAL NAME
Personal name Rahim, V. Abdur Dr.
245 ## - TITLE STATEMENT
Title Arabic course for English-Speaking Students
Statement of responsibility, etc Dr. V. Abdur Rahim
260 ## - PUBLICATION, DISTRIBUTION, ETC. (IMPRINT)
Place of publication, distribution, etc United Kingdom
Name of publisher, distributor, etc Uk Islamic Academy
Date of publication, distribution, etc 2002
300 ## - PHYSICAL DESCRIPTION
Extent 58p. ;
Dimensions 21.5cm
650 ## - SUBJECT ADDED ENTRY--TOPICAL TERM
Source of heading or term Arabic language
General subdivision Grammar
942 ## - ADDED ENTRY ELEMENTS (KOHA)
Source of classification or shelving scheme Library of Congress Classification
Item type Book
Holdings
Withdrawn status Lost status Source of classification or shelving scheme Damaged status Not for loan Collection code Home library Current library Shelving location Date acquired Total Checkouts Full call number Barcode Date last borrowed Copy number Price effective from Koha item type
    Library of Congress Classification     Non-fiction Joshua & Timothy School of Theology Library (JTSOT) Joshua & Timothy School of Theology Library (JTSOT) General Circulation 08/09/2009 2 PJ6307 .A23 2002 010923 16/05/2016 1 08/09/2009 Book
    Library of Congress Classification     Non-fiction Joshua & Timothy School of Theology Library (JTSOT) Joshua & Timothy School of Theology Library (JTSOT) General Circulation 08/09/2009 1 PJ6307 .A23 2002 010924 08/04/2020 2 08/09/2009 Book